00948cam a2200277 a 450000500170000000800410001701000140005802000260007203500130009803700130011108200140012408200160013824500730015424600460022725000120027326000440028530000590032949000170038850000910040550000200049663000220051665000330053865000420057170000230061383000340063620090821081826.0080610s2008 waua 001 0 eng  aENG-95420 a9788120339590c595.00 aEN-78953 bDBAD/PUB a005.5222 a005.369222 a2007 Microsoft Office System step by step /cJoyce Cox ... [et al.]. aStep by step 2007 Microsoft Office System a2nd ed. aRedmond, WA :bMicrosoft Press,cc2008. axiii, 851 p. :bill. ;c23 cm. +e1 CD-ROM (4 3/4 in.) aStep by step aRev. ed. of: Step by step 2007 Microsoft Office System / Joyce Cox ... [et al.]. 2007. aIncludes index. aMicrosoft Office. aBusinessxComputer programs. aOffice managementxComputer programs. aCox, Joyce,d1946- aStep by step (Redmond, Wash.)